[Event "Titled Tuesday intern op 06th Aug Late"]
[Site "Chess.com INT"]
[Date "2024.08.06"]
[Round "4"]
[White "Sivakumar, Shaaketh"]
[Black "Lintchevski, Daniil"]
[Result "0-1"]
[WhiteElo "2307"]
[BlackElo "2524"]
[PlyCount "62"]
[EventDate "2024.08.06"]
[EventType "swiss (blitz)"]
[EventRounds "11"]
[EventCountry "USA"]
[SourceTitle "EXT 2025"]
[Source "ChessBase"]
[SourceDate "2024.10.14"]
[SourceVersion "1"]
[SourceVersionDate "2024.10.14"]
[SourceQuality "1"]

1. d4 d5 2. Nf3 Nf6 3. c4 c6 4. e3 Bg4 5. Nc3 e6 6. b3 Bb4 7. Bd2 0-0 8. Be2 Nbd7 9. 0-0 Qe7 10. h3 Bh5 11. Ne5 Bxe2 12. Qxe2 Nxe5 13. dxe5 Nd7 14. f4 Rad8 15. Rfd1 a5 16. Be1 Nc5 17. a3 Bxc3 18. Bxc3 Nxb3 19. Rab1 a4 20. cxd5 Rxd5 21. Rxd5 exd5 22. f5 Qxa3 23. Rf1 Qc5 24. Qd3 Qc4 25. Qc2 b5 26. Rf4 d4 27. exd4 b4 28. Rg4 Qxc3 29. Qf2 g6 30. e6 fxe6 31. Qg3 Qxg3 0-1

[Event "Titled Tuesday intern op 06th Aug Late"]
[Site "Chess.com INT"]
[Date "2024.08.06"]
[Round "10"]
[White "Taspinar, Yanki"]
[Black "Lintchevski, Daniil"]
[Result "1-0"]
[WhiteElo "2292"]
[BlackElo "2524"]
[PlyCount "163"]
[EventDate "2024.08.06"]
[EventType "swiss (blitz)"]
[EventRounds "11"]
[EventCountry "USA"]
[SourceTitle "EXT 2025"]
[Source "ChessBase"]
[SourceDate "2024.10.14"]
[SourceVersion "1"]
[SourceVersionDate "2024.10.14"]
[SourceQuality "1"]

1. Nf3 d5 2. d4 Nf6 3. Bf4 c5 4. e3 Nc6 5. c3 Qb6 6. Qc1 Bf5 7. Nbd2 Rc8 8. a4 cxd4 9. exd4 a6 10. Be2 Nb4 11. 0-0 Nd3 12. Bxd3 Bxd3 13. Re1 e6 14. Ne5 Bf5 15. Nf1 Be7 16. Ng3 Bg6 17. Qd2 0-0 18. Nxg6 hxg6 19. h4 Qc6 20. Bg5 Rfe8 21. Bxf6 Bxf6 22. h5 g5 23. Nf1 b5 24. axb5 axb5 25. Nh2 b4 26. Re3 bxc3 27. bxc3 e5 28. Ng4 exd4 29. cxd4 Re4 30. Rxe4 dxe4 31. d5 Qd6 32. Rd1 Rd8 33. h6 gxh6 34. Nxh6+ Kh7 35. Ng4 Kg7 36. g3 Rd7 37. Qe2 Qe7 38. Ne3 Qe5 39. Qg4 Rd8 40. d6 Kg6 41. d7 Be7 42. Rd5 Qe6 43. Qd1 Qh3 44. Nf5 Bf6 45. Qf1 Qh5 46. Ne3 Qf3 47. Qg2 Be7 48. Qxf3 exf3 49. Nf5 Bf6 50. g4 Ra8 51. Kh2 Bd8 52. Kg3 Ra3 53. Kh3 Ra1 54. Kg3 Ra3 55. Nd4 Bc7+ 56. Kh3 Ra1 57. Nxf3 Ra3 58. Kg2 Bd8 59. Ne5+ Kg7 60. Nf3 Ra8 61. Nxg5 Kf6 62. Nf3 Ke6 63. Rd3 Ra7 64. Nd4+ Kf6 65. Nc6 Ra8 66. Rf3+ Ke6 67. Nxd8+ Rxd8 68. Re3+ Kxd7 69. Rd3+ Ke7 70. Rxd8 Kxd8 71. Kf3 Ke7 72. Kf4 Kf6 73. Ke4 Kg5 74. f3 Kf6 75. Kf4 Ke6 76. Kg5 Ke5 77. f4+ Ke6 78. Kh6 Kf6 79. Kh7 Ke6 80. Kg7 Ke7 81. f5 f6 82. Kg6 1-0

[Event "Titled Tuesday intern op 30th Jul Late"]
[Site "Chess.com INT"]
[Date "2024.07.30"]
[Round "1"]
[White "Lintchevski, Daniil"]
[Black "Gomez Aguirre, Juan Alberto"]
[Result "1-0"]
[WhiteElo "2532"]
[BlackElo "2322"]
[PlyCount "45"]
[EventDate "2024.07.30"]
[EventType "swiss (blitz)"]
[EventRounds "11"]
[EventCountry "USA"]
[SourceTitle "EXT 2025"]
[Source "ChessBase"]
[SourceDate "2024.10.14"]
[SourceVersion "1"]
[SourceVersionDate "2024.10.14"]
[SourceQuality "1"]

1. e4 d5 2. exd5 Qxd5 3. Nc3 Qa5 4. d4 Nf6 5. Nf3 c6 6. Ne5 Nbd7 7. Nc4 Qc7 8. a4 e5 9. dxe5 Nxe5 10. Qe2 Bd6 11. Nxd6+ Qxd6 12. f4 Qb4 13. Qxe5+ Kd8 14. Be3 Re8 15. 0-0-0+ Bd7 16. Qd4 Qe7 17. Bf2 Ng4 18. Bh4 f6 19. Bc4 Ne3 20. Rhe1 c5 21. Qd3 Kc8 22. Nd5 Bf5 23. Nxe7+ 1-0